000 00365nam a2200145Ia 4500
008 230718s9999 xx 000 0 und d
041 _aEng.
082 _a55602
_bسیر-ت
100 _aسیر، ابو ہاشم ندوی
245 0 _aترک تمبوری
260 _aPakistan
_bسنگ میل پلی سر
_c2001
300 _a152
650 _aLaw
999 _c28814
_d28814